000 01231nam a2200313 4500
001 0000013910
003 CO-CtgCURN
005 20250329164835.0
007 ta
008 160627s2001 000 0 eng d
020 _a9586902447
040 _aCO-CtgCURN
_bspa
_ccoctgcurn
082 0 _a340.1
_bO77ap
100 1 _aOrtíz Castro, José Ivan.
245 1 0 _aAproximacion teorica a la juridicidad :
_b(logica, teoria del conocimiento y epistemología) /
_cJosé Ivan Ortíz Castro.
260 _aBogotá :
_bLeyer,
_c2001.
300 _a184 p.
336 _2rdacontent
337 _2rdamedia
_asin mediacion
_bn
338 _2rdacarrier
_avolumen
_bnc
504 _aBibliografia (p. 177-181 )
505 8 _aPracticas y discursos.--Niveles del conocimiento.--La logica.--Ciencia e ideología.--Formas del pensamiento.--Modelos epistemologicos.--Proceso de pensar y las formas del pensamiento.--Ideología y ciencia
650 1 4 _aDerecho
_vMetodología.
908 _a160627
942 _cBK
_h340.1
_iO77ap
_2ddc
999 _c2054
_d2054